000 00400nam a22001457a 4500
003 dpl
005 20260622125330.0
008 260622b |||||||| |||| 00| 0 eng d
245 _aCosmopolitan
_cedited by Aroon Purie
260 _aNoida
_bLiving Media India Ltd.
_cJune, 2026
300 _av.30 : no.325
310 _aMonthly
_bJune, 2026
700 _aPurie, Aroon
_989452
942 _2ddc
_mCOS
_cSR
_s1
999 _c216758
_d216758